000 00892nas a2200277 4500
001 BR2013007902
003 BR-BrBNA
005 20231205123018.0
007 ta
008 230509b bl.|||p| |||| 00| 00por d
040 _aBR-BrBNA
_bpor
_cBiblioteca Nacional de Agricultura
041 _a(Pt)
072 _aE12; P01
100 1 _aSilva, A.W.L. da
100 1 _aMontibeller-Filho, G.
245 1 _aCompensação por serviços ambientais: um novo cenário na proteção e valorização dos recursos naturais
650 _aPRESERVAÇÃO DA NATUREZA
650 _aECONOMIA
650 _aECOLOGIA
650 _aCUSTO OPERACIONAL
650 _aRENDA
650 _aPOLÍTICAS PÚBLICAS
773 0 _tCadernos de Ciência e Tecnologia (Brazil)
_xISSN 0104-1096
_g(Sep-Dec 2011), v. 28(3) p. 697-719
_wBR2013007902
909 _a202311
_bLúcia
_c55
_dLúcia Elande
942 _2AGRIS
_n0
_cANA
999 _c231757
_d231757